| 000 | 01075nam a22003017a 4500 | ||
|---|---|---|---|
| 001 | 4417 | ||
| 003 | FISKH | ||
| 005 | 20240822122414.0 | ||
| 008 | 240822b cb ||||| |||| 00| 0 eng d | ||
| 020 | _a9780590033831 | ||
| 040 |
_aFISKH _bENG _cFISKH _dFISKH |
||
| 050 | _aPZ7.H4364 | ||
| 082 | _2813.54 | ||
| 100 |
_aHesse, Karen _d1952- |
||
| 245 |
_aJust juice / _cBy Karen Hesse; illustrated by Robert Andrew Parker |
||
| 250 | _aPublished by Scholastic inc 1998 | ||
| 260 |
_aNew York : _bScholastic, _c1998. |
||
| 300 |
_a138 pages : _billustrations ; _c20 cm |
||
| 505 | _aR | ||
| 520 | _aRealizing that her father's lack of work has endangered her family, nine-year-old Juice decides that she must return to school and learn to read in order to help their chances of surviving and keeping their house. | ||
| 521 | 8 |
_a690L
_bLexile |
|
| 521 | 8 |
_aR
_bRaz-Plus |
|
| 600 |
_2Family _dSchool _tLiteracy _xEducation |
||
| 600 |
_2Realistic fiction _dPregnancy _tSiblings |
||
| 700 |
_aAndrew Paker, Robert _eillustrator |
||
| 942 |
_2ddc _cBK _n0 |
||
| 999 |
_c4417 _d4417 |
||